Southville International School and Colleges
Your cart is empty.
  • Cart
  • Lists
    Public lists Eva Luna New books Lux_list list_1
    Your lists Log in to create your own lists
  • Log in to your account
  • Your cookies
  • Search history
Southville International School and Colleges
  • Advanced search
  • Recent comments
  • Most popular
  • Libraries

Log in to your account

Log in with GOOGLE


If you do not have an external account, but do have a local account, you can still log in:

  1. Home
  2. MARC view: Teaching writing :
Normal view MARC view ISBD view

Teaching writing : (Record no. 2723)

[ view plain ]
MARC details
000 -LEADER
fixed length control field 00750nam a22002297a 4500
003 - CONTROL NUMBER IDENTIFIER
control field OSt
005 - DATE AND TIME OF LATEST TRANSACTION
control field 20140310181740.0
008 - FIXED-LENGTH DATA ELEMENTS--GENERAL INFORMATION
fixed length control field 130322t xxu||||| |||| 00| 0 eng d
020 ## - INTERNATIONAL STANDARD BOOK NUMBER
International Standard Book Number 0921217544
050 ## - LIBRARY OF CONGRESS CALL NUMBER
Classification number LB 1576
Item number .P44 1990
082 ## - DEWEY DECIMAL CLASSIFICATION NUMBER
Classification number TR 372.6'044
Item number P44 1990
100 ## - MAIN ENTRY--PERSONAL NAME
Personal name Phenix, Jo
9 (RLIN) 504
245 ## - TITLE STATEMENT
Title Teaching writing :
Remainder of title the nuts and bolts of running a day-to-day writing program/
Statement of responsibility, etc Jo Phenix.
260 ## - PUBLICATION, DISTRIBUTION, ETC. (IMPRINT)
Place of publication, distribution, etc Markham, Ont. :
Name of publisher, distributor, etc Pembroke Publishers,
Date of publication, distribution, etc c1990.
300 ## - PHYSICAL DESCRIPTION
Extent 124 p. :
Dimensions 23 cm.
521 ## - TARGET AUDIENCE NOTE
Target audience note
541 ## - IMMEDIATE SOURCE OF ACQUISITION NOTE
-- 1
562 ## - COPY AND VERSION IDENTIFICATION NOTE
Number of copies 1
650 ## - SUBJECT ADDED ENTRY--TOPICAL TERM
Topical term or geographic name as entry element Creative writing (Elementary education).
9 (RLIN) 505
650 ## - SUBJECT ADDED ENTRY--TOPICAL TERM
Topical term or geographic name as entry element English Language
General subdivision composition and exercises
-- study and teaching (Elementary).
9 (RLIN) 506
942 ## - ADDED ENTRY ELEMENTS (KOHA)
Source of classification or shelving scheme Library of Congress Classification
Koha item type
Call number prefix
Holdings
Withdrawn status Lost status Source of classification or shelving scheme Damaged status Home library Current library Shelving location Date acquired Total Checkouts Full call number Barcode Date last seen Copy number Price effective from Koha item type
    Library of Congress Classification   Luxembourg Library Luxembourg Library Teachers Reference Section 03/22/2013   LB 1576 .P44 1990 7527 08/13/2013 1 10/03/2013 Books

Teaching writing :

APA

Phenix J., . (1990). Teaching writing. Markham, Ont: Pembroke Publishers.

Chicago

Phenix Jo, . 1990. Teaching writing. Markham, Ont: Pembroke Publishers.

Harvard

Phenix J., . (1990). Teaching writing. Markham, Ont: Pembroke Publishers.

MLA

Phenix Jo, . Teaching writing. Markham, Ont: Pembroke Publishers. 1990.

  • Place hold
  • Print
  • Cite
  • Add to your cart (remove)
  • Save record
    BIBTEX Dublin Core MARCXML MARC (non-Unicode/MARC-8) MARC (Unicode/UTF-8) MARC (Unicode/UTF-8, Standard) MODS (XML) RIS
  • More searches
    Search for this title in:
    Other Libraries (WorldCat) Other Databases (Google Scholar) Online Stores (Bookfinder.com) Open Library (openlibrary.org)

Exporting to Dublin Core...

SOUTHVILLE LIBRARY

Southville International School and Colleges Library

1281 Tropical Ave. Cor. Luxembourg St., BF Homes International, Las Pinas City

Tel. No. 8256374 / 252358 Loc. 117/146

Powered by Koha